[Event "EU-chT (Men) 17th"]
[Site "Novi Sad"]
[Date "2009.10.25"]
[Round "4"]
[White "Mamedyarov, Shakhriyar"]
[Black "Postny, Evgeny"]
[Result "1-0"]
[WhiteElo "2721"]
[BlackElo "2651"]
[Annotator "Postny,E"]
[PlyCount "97"]
[EventDate "2009.10.22"]
[EventType "team-swiss"]
[EventRounds "9"]
[EventCountry "YUG"]
[SourceTitle "CBM 133"]
[Source "ChessBase"]
[SourceDate "2009.11.19"]
[SourceVersion "1"]
[SourceVersionDate "2009.11.19"]
[SourceQuality "1"]
[WhiteTeam "Azerbaijan"]
[BlackTeam "Israel"]
[WhiteTeamCountry "AZE"]
[BlackTeamCountry "ISR"]

1. d4 d5 2. c4 c6 3. Nc3 Nf6 4. Nf3 dxc4 5. a4 e6 6. e4 (6. e3 c5 7. Bxc4 {
leads to a position where White normally gets an isolated pawn and active
piece play - very similar to a position which arises in the Queen's Gambit
Accepted.}) 6... Bb4 7. Bxc4 $5 {That's a surprise! Obviously Shahriyar
prepared this pawn sacrifice beforehand. Frankly speaking, sacrificing the
central pawn for a couple of tempi should be not too promising against precise
play. However, in practice it's far from easy and the current game proved it.
On the top level this pawn sacrifice appeared only once - in a blitz game
Anand-Rublevsky.} (7. e5 Nd5 8. Bd2 b5 9. axb5 Bxc3 10. bxc3 cxb5 {has
appeared in practice enough times, including in my own games.}) (7. Bg5 {
leads to one of the side lines of the Botvinnik Variation.}) 7... Nxe4 8. O-O
Nf6 ({Grabbing the second pawn would be too greedy:} 8... Nxc3 $6 9. bxc3 Bxc3
10. Rb1 O-O 11. Qd3 Ba5 12. Ng5 g6 13. Qh3 h5 14. g4 $40) 9. Qe2 O-O {Black's
position has no more weaknesses, but White is hoping to exploit his long-term
initiative. This kind of play suits Shahriyar's aggressive style.} 10. Rd1 (10.
Bg5 Be7 11. Rad1 a5 12. Ne5 Na6 13. Rd3 Nd5 14. Bc1 f6 15. Ng4 f5 16. Ne5 Nab4
17. Rh3 Qe8 18. Re1 b6 19. Nf3 Ra7 20. Qd1 Bf6 21. Ng5 h6 22. Nf3 Re7 $15 {
1-0 Romanko,M (2398)-Korbut,E (2459)/Moscow RUS 2008/The Week in Chess 736 (76)
}) 10... Nbd7 (10... b6 11. Bg5 Bb7 12. Ne5 Be7 13. Rd3 Nbd7 14. Rg3 Kh8 15.
Rd1 Nd5 16. Bc1 f5 17. Bxd5 exd5 18. Rh3 Kg8 19. Nxc6 Bxc6 20. Qe6+ Rf7 21.
Qxc6 $14 {1/2-1/2 Anand,V (2801)-Rublevsky,S (2676)/Moscow 2007/EXT 2008 (48)})
11. Rd3 {The rook is going to the kingside. Black must be careful not to come
under a dangerous attack.} Qc7 {I spent a lot of time trying to figure out the
best setup. I think I adopted the logical plan of taking the e5 square under
control.} 12. Ne5 Bd6 13. Bf4 Nd5 14. Bg3 {White has to keep his e5 stronghold,
but now his rook does not get to g3 or h3.} N7f6 15. Rf3 Nh5 $1 (15... Ne7 $4 {
[%cal Ge7f5] would fail to} 16. Rxf6 $1 gxf6 17. Ne4 fxe5 18. dxe5 Bxe5 19.
Nf6+ $18 {[%cal Gg3e5]}) 16. Rxf7 $1 {[%mdl 512] The only way to keep the
initative.} (16. Bh4 $2 f6 17. Ng4 Nhf4 $17) (16. Ne4 $2 Nxg3 17. Rxg3 Bxe5 18.
dxe5 Qxe5 $17) 16... Rxf7 17. Qxh5 Rf5 18. Qg4 {White is an exchange down, but
has a certain compensation as the shelter of Black's king is now seriously
weakened.} Bd7 (18... Qb6 19. Rb1 Qb4 (19... Nxc3 $2 20. Qxf5) 20. Ne4 Bf8 21.
b3 $44 {Now it won't be easy for Black to complete the development of his
queenside pieces.}) 19. Bd3 Bxe5 ({It was possible to keep the rook on f5:} 
19... Nf6 $5 20. Qe2 Re8 {Perhaps Black is not worse.}) 20. dxe5 Nxc3 21. bxc3
Rf7 22. h4 $1 c5 23. Rd1 Re8 $2 {A natural move, but, actually here I missed
my chance. I failed to sense that this was an important moment. I had to
activate my queen.} (23... Qa5 $1 {[%csl Ra4,Rc3]} 24. Qe4 (24. Bc4 Qxa4 25.
Rxd7 Qxd7 26. Bxe6 Qe7 $17) 24... g6 25. h5 (25. Qxb7 Qxa4 26. Qxa8+ Rf8 $17 {
[%csl Rd1]}) 25... Qxa4 $17) 24. Bc2 a6 {Perhaps this plan is too slow, but
it's not so easy to point out an improvement.} (24... Bc6 25. Rd6 $1 (25. Bb3
c4 $1 26. Bxc4 (26. Qxc4 Qa5 27. Qg4 Bd5 28. Bxd5 exd5 29. h5 Qxc3 30. Rxd5 $44
) 26... Bxa4 27. Rd6 Bd7 {and Black has little to worry about. The a-pawn
might become dangerous in the long run.}) 25... Qa5 26. Bb3 Kh8 27. Bxe6 Rfe7
28. Bf5 g6 29. Bxg6 $1 hxg6 30. Rxg6 Qd8 31. Qf5 $1 $40 {Not a forced line,
but shows the potential of White's initiative.}) 25. h5 b5 (25... Bc6 26. Bg6
$1 hxg6 $140 $2 27. hxg6 Rd7 28. Rd6 $1 $18 {and Black will get mated after
Qg4-Qh5-Qh7-Qh8 followed by Bg3-h4.}) 26. axb5 axb5 27. Bg6 $1 Bc8 (27... hxg6
$4 28. hxg6 {and Black is getting mated again on the h-file.}) 28. Rd6 (28.
Bxf7+ Qxf7 29. h6 {is better for White, but he plays for more.}) 28... Ref8 29.
Qe4 {Mamedyarov does not bother himself to get back the exchange, correctly
assuming that the bishop is stronger than the rook in this position.} h6 30. f3
Rd7 31. Kh2 Qb7 32. Qh4 Rxd6 (32... b4 33. Be4 Qa7 34. Qg4 (34. Rxe6 $6 Bb7
$132) 34... Rxd6 35. exd6 Qf7 36. cxb4 cxb4 37. Be5 b3 {White seems in control,
but there is nothing concrete yet.}) 33. exd6 b4 34. c4 $1 {It is in White's
interest to keep more material on the board.} Bd7 $2 {The last mistake. I was
eager to take my bishop out, but it was necessary to push the b-pawn as far as
possible.} (34... b3 35. Be5 Qd7 {was the least of the evils. The b-pawn is
annoying for White.} (35... b2 $2 36. Qe7 $1 b1=Q 37. Bxb1 Qxe7 38. dxe7 Re8
39. Bd6 $16)) 35. Qe7 Bc6 (35... Bc8 36. Be5 {with full domination.}) 36. Qxe6+
Kh8 37. Qe3 $1 {Now my position is collapsing.} Qa7 (37... b3 38. Be5 Kg8 39.
Qxc5 Bxf3 40. gxf3 Qxf3 41. Qd5+ Qxd5 42. cxd5 $18) 38. Bc2 (38. Be5 {[%csl
Rh6][%cal Ge3h6]} Kg8 39. Bb2 {would have been even more precise.}) 38... Qf7 (
38... Ba4 39. Bb1 Qf7 40. Qxc5 $18) 39. Qxc5 $18 Be8 40. Bg6 Qd7 41. Qxb4 Bxg6
42. hxg6 Qe6 43. c5 {White's two passed pawns easily decide the game.} Qd5 44.
Bf2 Qe5+ 45. Kg1 Ra8 46. g4 $1 Qd5 47. Qf4 Rd8 48. Bd4 Kg8 49. Qe5 1-0

[Event "Astrakhan FIDE GP"]
[Site "Astrakhan"]
[Date "2010.05.21"]
[Round "10"]
[White "Eljanov, Pavel"]
[Black "Leko, Peter"]
[Result "1-0"]
[WhiteElo "2751"]
[BlackElo "2735"]
[Annotator "Postny,E"]
[PlyCount "85"]
[EventDate "2010.05.10"]
[EventType "tourn"]
[EventRounds "13"]
[EventCountry "RUS"]
[EventCategory "20"]
[SourceTitle "CBM 137"]
[Source "ChessBase"]
[SourceDate "2010.07.15"]
[SourceVersion "1"]
[SourceVersionDate "2010.07.15"]
[SourceQuality "1"]

1. d4 d5 2. c4 c6 3. Nc3 Nf6 4. e3 e6 5. b3 {A rare move, avoiding the main
lines of the Meran Variation. Several weeks beforehand Eljanov had already
played this line in the Russian team championships.} Nbd7 (5... Bb4 6. Bb2 O-O
7. a3 Bd6 8. Nf3 Nbd7 9. Be2 b6 10. O-O Bb7 11. b4 Qe7 12. Qc2 dxc4 13. Bxc4 c5
$11 {0-1 Eljanov,P (2736)-Motylev,A (2705)/Dagomys RUS 2010/The Week in Chess
804 (42)}) 6. Bb2 Bd6 7. Bd3 {Normally White develops the knight to f3 here,
but Pavel has a different setup in mind.} O-O 8. Nge2 {This is the point.
However, objectively the knight on e2 isn't better placed, so White can't
claim any advantage this way.} (8. Nf3 {would lead to regular anti-Meran
positions.}) 8... b6 {Leko follows a standard plan. Fianchettoing the
light-squared bishop, followed by the ...c6-c5 advance.} (8... e5 $6 9. cxd5
cxd5 10. dxe5 Nxe5 11. Bc2 $14 {This is the position White is striving for.
His pieces are flexibly placed, and Black's isolated pawn is a target.}) 9. O-O
Bb7 10. Ng3 {Now in the event of ...e6-e5 the white knight is ready to move to
f5.} (10. e4 $2 {would blunder a pawn after} dxe4 11. Nxe4 Nxe4 12. Bxe4 Bxh2+
$1 13. Kxh2 Qh4+ 14. Kg1 Qxe4) 10... c5 11. Nb5 $6 {This is a punch in the air.
White should have tried something in the centre. In the event of 11.cxd5 very
interesting complications could arise.} (11. cxd5 cxd4 (11... Nxd5 12. Nxd5
Bxd5 13. e4 Bb7 14. e5 Bc7 15. f4 $14) 12. Nce4 Bxg3 13. fxg3 (13. Nxg3 dxe3
14. dxe6 exf2+ 15. Rxf2 fxe6 16. Qe2 $44) 13... Nxd5 (13... Nxe4 $1 14. Bxe4 f5
15. Bf3 e5 16. exd4 e4 17. Be2 Bxd5 $13) 14. Nd6 Nxe3 $140 {[%tqu "En","How
should White continue?","","","d3h7","",10]} 15. Bxh7+ $1 Kxh7 16. Qxd4 Nf6 17.
Qh4+ Kg6 18. Bxf6 gxf6 19. Nxb7 Qe7 20. Qe4+ f5 21. Qxe3 Qxb7 22. Rf4 $1 $16 {
[%cal Gg3g4]}) 11... Be7 12. Qe2 cxd4 13. exd4 Nb8 $1 {A good manoeuvre. The
knight is going to c6 where it will press against the Pd4. Later on it can
also move to a5 to put pressure on the Pc4. It can be concluded that Black has
already solved his opening problems.} 14. Qe3 (14. Nh5 {is not frightening for
Black. He can even ignore it, or to play} Nxh5 15. Qxh5 g6 16. Qh3 Nc6 {
with a comfortable position.}) 14... Nc6 15. Rac1 Rc8 16. Rfd1 Re8 17. Bf1 Bf8
{Leko could kick away the knight by a7-a6, but he waits for the right moment.}
18. h3 Qd7 19. Be2 Red8 20. Bf1 {White's manoeuvres are not impressive, but
it's difficult to suggest a reasonable improvement. Black is the only side
that can come up with something.} a6 21. Nc3 Na5 $6 {An important moment.} (
21... dxc4 22. bxc4 Nxd4 {From the human point of view, this looks extremely
risky, so I understand why Leko didn't go for this. However, concrete
variations confirm that Black is fine here.} 23. Nce4 (23. Nb5 axb5 24. Rxd4
Qe8 25. Rxd8 Qxd8 26. cxb5 Bc5 $15) 23... Nxe4 24. Rxd4 Bc5 25. Rcd1 (25. Rxd7
$2 Bxe3 26. Rxd8+ Rxd8 27. fxe3 Nxg3 $19) 25... Nxf2 $1 (25... Nd6 26. Nh5 Qe7
27. Nxg7 $1 Ne4 28. Nh5 Bxd4 29. Rxd4 Rxd4 30. Qxd4 e5 31. Qxb6 $44) 26. Qxf2
Qc7 27. Kh2 Rd6 $1 28. Qe2 $1 Bxd4 29. Rxd4 Rxd4 30. Bxd4 b5 $1 {This position
is not easy to evaluate, but Black is definitely not worse.}) 22. cxd5 Nxd5 23.
Nxd5 Qxd5 {Black could not recapture with the bishop, because the Pa6 would be
left hanging.} 24. Ne2 $1 {[%cal Ge2f4] Emphasizing that a queen is not a good
blockading piece.} b5 $6 {This move weakens the c5-square which will become
very apparent later in the game.} (24... Rxc1 25. Rxc1 Nc6 {transfering the
knight to a better square.} 26. Nf4 Qa5 27. a3 $1 Ne7 $11 {[%cal Ge7d5]}) 25.
Nf4 Qg5 $6 ({Again it was better to exchange rooks by} 25... Rxc1 26. Rxc1 Qd6
{Here White's only chance for an initiative is} 27. d5 $1 exd5 28. Rd1 {
but with a couple of precise moves Black should equalise.}) 26. Nd3 $1 {
White doesn't mind swapping queens. Meanwhile, the knight is heading to the
c5-square.} Qxe3 27. fxe3 {After several inaccuracies Black is on the
defensive. In fact the endgame is more unpleasant than it seems.} Be4 28. Nc5
Bxc5 29. dxc5 {White has a serious advantage thanks to the pair of good
bishops and strong passed pawn.} Rd5 30. Bc3 Nc6 31. b4 Rb8 $2 (31... Ne7 $1 {
was the only way to prevent a2-a4.} 32. a4 $140 $2 {White should play 32.Kf2
or 32.Be2 keeping long-lasting pressure.} Rxd1 33. Rxd1 Nd5 34. Bd2 Bc2 {
[%csl Ra4,Rd1]}) 32. a4 $1 {Now the position can hardly be saved. White is
going to occupy the a-file with his rook.} f6 ({The weakness of Black's back
rank is clearly emphasised in the following variation:} 32... bxa4 $2 33. Bxa6
Nxb4 34. Bxb4 Rxb4 35. c6 Rxd1+ 36. Rxd1 Bxc6 37. Rd8+ $18) 33. Rxd5 Bxd5 34.
axb5 axb5 35. Ra1 Kf7 36. Bd3 Bc4 (36... f5 {was necessary, but the endgame is
gruesome for Black.}) 37. Be4 Bd5 38. Bd3 {Of course White should have taken
on d5 immediately, but probably in mutual time-trouble Pavel didn't see yet
that he is already winning by force.} Bc4 ({Again} 38... f5 {as in the
previous comment.}) 39. Be4 Bd5 40. Bxd5 $1 exd5 41. Ra6 Ne7 42. Rb6 $1 d4 (
42... Rxb6 43. cxb6 Ke6 44. b7 Nc6 45. Be1 $1 {[%cal Ge1g3] White wins a piece.
}) 43. Bxd4 (43. Bxd4 Rxb6 44. cxb6 Nc6 45. b7 $18 {[%cal Gd4a7]}) 1-0

[Event "Rohde op 10th"]
[Site "Sautron"]
[Date "2010.10.25"]
[Round "3"]
[White "Gajewski, Grzegorz"]
[Black "Koziak, Vitali"]
[Result "1-0"]
[WhiteElo "2568"]
[BlackElo "2467"]
[Annotator "Primel,D"]
[PlyCount "67"]
[EventDate "2010.10.23"]
[EventType "swiss"]
[EventRounds "9"]
[EventCountry "FRA"]
[SourceTitle "EXT 2012"]
[Source "ChessBase"]
[SourceDate "2011.11.24"]
[SourceVersion "1"]
[SourceVersionDate "2011.11.24"]
[SourceQuality "1"]

1. d4 d5 2. c4 c6 3. Nf3 e6 4. Nc3 dxc4 5. a4 Bb4 (5... Nf6 $143 {[%csl Rc8]
Par rapport а une Slave, la position Noire est plus passive car le Bc8 est
enfermé}) 6. g3 (6. e3 {la grande ligne}) 6... c5 $1 {La perte de temps est
négligeable} (6... b5 7. Bg2 Bb7 8. Ne5 $44 {[%cal Gg2b7,Ga4b5]}) 7. Bg2 (7.
Be3 {[%csl Re3]}) 7... Nc6 {[%csl Rd4] forçant le Be3 а avoir une position
passive} 8. Be3 {[%csl Re3]} Nf6 {[%cal Gf6g4]} 9. dxc5 Qxd1+ (9... Nd5 10. Bd2
Nxc3 11. Bxc3 Bxc3+ 12. bxc3 Qa5 $132 {[%cal Ga5c3,Ga5c5];Harikrishna,P (2672)
-Nyback,T (2643) Corus-B Wijk aan Zee 2010 (13) 1/2}) 10. Rxd1 Ne4 {[%cal
Ge4c3,Ge4c5]} (10... Nd5 $5 {[%cal Gd5e3,Gd5c3] Curieusement, ce coup naturel
n'a jamais été essayé alors qu'il semble un peu plus souple que Ne4 en ouvrant
les options supplémentaires d'attaquer le Be3 et de protéger le P"c4" par Nb6}
11. Bd2 Bxc5 $132 12. O-O O-O (12... Nb6 {[%cal Gb6c4]} 13. a5 Nxa5 14. Nb5))
11. Nd2 (11. Rc1) 11... Nxc5 $6 $146 (11... Nxd2 $142 12. Rxd2 Bd7 13. O-O Ke7
14. Rc2 Na5 15. Na2 Bxa4 16. Nxb4 Bxc2 17. Nxc2 Rhd8 18. Nb4 Rac8 19. f4 Nc6
20. Nxc6+ bxc6 21. Rc1 Rb8 22. Bxc6 Rxb2 23. Kf2 Rb4 24. Bf3 a5 25. c6 Kd6 26.
Bd2 {Gheorghiu,F (2540)-Czerniak,M (2390)/Vratsa 1975/EXT 1999/1-0 (40)}) (
11... Nxc3 $5 12. bxc3 Bxc3 13. Rc1 Bxd2+ 14. Bxd2 e5 15. Rxc4 Be6 $11 {
[%csl Rc5]}) 12. Bxc5 Bxc5 13. Nxc4 $32 {[%csl Rc8,Gd1][%cal Gc4d6] Les Noirs
auront du mal а terminer le développement} Rb8 {Le signe que la position Noire
n'est pas trés saine} (13... Bd7 14. O-O f5 {[%csl Ge4]} 15. e4 $36) 14. O-O
Bb4 $6 {Une nouvelle perte de temps et la position Noire devient assez douteuse
} (14... f6 $142 $5 {[%csl Ge5][%cal Ge8f7]} 15. Rd2 e5 (15... Kf7) 16. Rfd1
Bg4 17. h3 Be6 $132) 15. Rd3 $1 $36 {[%cal Gf1d1]} Ke7 $6 {[%cal Gh8d8] Le
retard de développement se fait sentir mais le plan f6, Kf7 était un moindre
mal car les risques de fourchette en "c6" vont donner une forte attaque aux
Blancs} 16. Bxc6 $1 bxc6 17. Ne5 Rb6 18. Na2 $1 f6 {En ayant joué 14. f6 et
Kf7, les Noirs auraient eu moins de problèmes car dans la partie, les Noirs
cumulent les deux défauts des deux plans!} (18... Bc5 19. b4 Bxb4 20. Nxb4 Rxb4
21. Nxc6+) 19. Nxc6+ Rxc6 20. Nxb4 {[%csl Gb2]} Rb6 21. Rc1 $1 {Profitant du
fait que les Noirs ont joué Ke7 au lieu de Kf7} Kf7 (21... Rxb4 22. Rc7+ Ke8
23. Rxc8+) 22. Rc7+ $40 Kg6 23. Nc6 {[%cal Gc6e7,Ge7g6,Ge7c8]} Bb7 24. Ne7+ {
[%csl Rg6]} Kg5 25. h4+ (25. f3 $142 {[%csl Gg4,Rg5][%cal Gh2h4] Plus précis
pour empêcher Kg4 et fermer le réseau de mat} Rxb2 26. h4+ Kh6 27. g4 {[%csl
Rh6]}) 25... Kg4 26. Rd4+ {[%cal Gd4g4,Gb2b4]} Kh5 27. b4 {[%cal Gb4b5]} a6 (
27... Rb8 {[%cal Gb8b7] La Rh8 ne va jamais jouer dans la partie...}) 28. Rc5+
e5 29. a5 Re6 30. Rd7 {Belle démontration technique} Be4 31. f3 Bb1 32. Nd5 f5
33. Nc3 Bc2 34. Rd2 {Une très belle partie du polonais} 1-0

[Event "Syre Memorial op 33th"]
[Site "Issy les Moulineaux"]
[Date "2010.05.16"]
[Round "6"]
[White "Flom, Gabriel"]
[Black "Shirazi, Kamran"]
[Result "1/2-1/2"]
[WhiteElo "2419"]
[BlackElo "2425"]
[Annotator "Primel,D"]
[PlyCount "72"]
[EventDate "2010.05.13"]
[EventType "swiss"]
[EventRounds "6"]
[EventCountry "FRA"]
[SourceTitle "EXT 2011"]
[Source "ChessBase"]
[SourceDate "2010.11.26"]
[SourceVersion "1"]
[SourceVersionDate "2010.11.26"]
[SourceQuality "1"]

1. d4 d5 2. c4 e6 3. Nc3 a6 $5 {Une ligne secondaire intéressante développée
par JANOWSKI menaçant de transposer dans des bonnes conditions dans un gambit
dame accepté} 4. cxd5 {Les blancs qui pouvaient se contenter de la nulle pour
remporter le tournoi, choisissent une ligne solide} (4. Nf3 dxc4 {[%cal Gb7b5]}
5. e3 (5. a4 {Ce coup naturel est considéré comme inférieur par la théorie qui
donne l'égalité après Nc6} Nc6 $1 $11)) 4... exd5 5. Nf3 Nc6 $5 {[%csl Rc7]
Comme souvent, SHIRAZI choisit une ligne secondaire pour obtenir une position
déséquilibrée} (5... c6 6. Qb3 Nf6 7. Bg5 Be7 8. e3 O-O 9. Bd3 Nbd7 10. O-O Re8
11. Rae1 Nf8 12. Bxf6 Bxf6 13. e4 dxe4 14. Nxe4 Ne6 15. Nxf6+ Qxf6 16. Re5 Rf8
17. Rfe1 g6 18. Qb4 a5 19. Qa3 Bd7 20. Bc4 {Eljanov,P (2693)-Ponomariov,R 
(2726)/Kharkov 2009/CBM 129 Extra/1/2-1/2 (55)}) (5... Nf6 {Plus courant} 6.
Bg5 Be7 7. e3 O-O 8. Bd3 Nbd7 9. Rc1 c6 10. O-O Re8 11. Qc2 $14 {Piket,J (2605)
-Sokolov,I (2650) NED-ch Netherlands 1994 (3) 1/2}) 6. Bg5 {Les blancs ont
plusieurs alternatives} (6. Qb3 Bb4 {[%cal Gg8e7]} 7. Bf4 Nge7 8. e3 O-O 9. Be2
Bd6 {Fominyh,A (2551)-Efimov,I (2480) Cappelle op 19th 2003 (3) 1/2}) (6. Bf4
Nf6 7. e3 Bf5 8. Rc1 $14 {Taimanov,M (2510)-Haik,A (2435) Bucharest 1979 (7)
1-0}) (6. g3 Nge7 7. Bg2 g6 $13 {Damjanovic,D (2319)-Certic,B (2416) Belgrade
Winter op 2004 (4) 1-0}) 6... f6 $5 $146 {[%cal Gg8e7,Ge7g6,Ge7f5] Avec un
point de retard, les noirs doivent jouer pour le gain} (6... Be7 7. Bxe7 Ngxe7
8. e3 Qd6 9. Rc1 O-O 10. Be2 Bg4 11. h3 Bxf3 12. Bxf3 Nd8 13. O-O Ne6 14. Qb3
c6 15. Na4 Ng5 16. Be2 Ne4 17. Rfd1 f5 18. Nc5 Nxc5 19. Rxc5 Kh8 20. Bf3 Qd7
21. Qd3 {Sale,S (2380)-Drazic,S (2528)/Rijeka 2008/CBM 127 Extra/0-1 (39)}) 7.
Bh4 Nge7 {[%cal Ge7f5,Gf5h4]} (7... Bb4 $142 {Nettement plus solide} 8. e3 Nge7
9. Bd3 Bf5 $11) 8. e3 Nf5 (8... Ng6 9. Bg3 (9. Bd3) 9... Bd6) 9. Bd3 Nxh4 {
Gagne la paire de B mais les blancs seront mieux développés} (9... Be6 {
Plus souple} 10. Qb3 Nxh4 11. Nxh4 Qd7 $11 {[%cal Gc6a5,Ga5b3,Ga5c4,Ga5b7]})
10. Nxh4 $32 {[%cal Gd1h5]} g6 $8 (10... Bd6 11. Qh5+) 11. f4 $14 (11. O-O $5 {
Plus naturel pour essayer de profiter de l'avance de développement} Be6 (11...
Nb4 12. Bb1 f5 {[%csl Ge4][%cal Gd8h4]} 13. Nxf5 $1) (11... Kf7 $5) 12. e4 $1
dxe4 13. Bxe4 Nxd4 14. Bxb7 (14. Re1 {[%csl Re8]} Kf7 15. Bxb7 Rb8 16. Bd5 $1
Bxd5 17. Qxd4 Ba8 {[%cal Gd8d5]}) 14... Rb8 15. Bd5 Bxd5 16. Qxd4 Ba8 17. Qc4 {
[%csl Ge6,Re8,Rf7][%cal Gf1e1,Ga1d1]} Bd6 18. Rad1 (18. Rfe1+ Kf8) 18... Kf8
19. Qxa6 Rxb2) 11... Nb4 {[%cal Gb4d3,Gc7c5]} (11... Be7 12. f5 $1 {[%csl Rc8,
Re7,Rg6]} g5 13. Qh5+) (11... Kf7 12. Qb3 Bb4 13. O-O Bxc3 14. bxc3 {[%cal
Gc3c4]} Na5 15. Qb4) 12. Bb1 {[%cal Ga2a3]} c5 (12... f5 13. Nf3 (13. Nxf5 Bxf5
14. Bxf5 gxf5 15. a3 Nc6 (15... Qd7 {[%cal Gd7f7]}) 16. Qh5+ Ke7 17. Qxf5 {
[%csl Gc3][%cal Gc3d5]} Qd7 18. Qg5+ (18. Nxd5+ Kd6) 18... Ke8 19. Nxd5 {
[%cal Gd5f6,Gf6e8,Gf6d7]} Be7 20. Qh5+ Kd8 21. O-O-O $1 $44)) 13. a3 Nc6 14.
O-O f5 {[%csl Ge4][%cal Gd8h4]} 15. Nf3 {[%cal Gf3e5]} (15. Nxf5 $5 Bxf5 16.
Bxf5 cxd4 (16... gxf5 17. Qh5+ Kd7 18. Qxf5+ {[%csl Gf5]} Kc7 19. Nxd5+ $40)
17. exd4 gxf5 18. Qh5+ Kd7 19. Nxd5 $44) 15... Be6 16. dxc5 (16. Ng5 Bg8 17.
Bc2 (17. Bxf5 gxf5 18. Qh5+ Kd7 19. Nf7 Bxf7 20. Qxf7+ Qe7 21. Qxf5+ Qe6 $17) (
17. Ba2 c4) 17... Be7 $13) 16... Bxc5 17. Ba2 $1 {[%csl Rd5]} Qd6 {[%cal Gd6f4,
Gc5g1]} 18. Nd4 (18. Qd3 $5 Qxf4 19. Nxd5 Bxd5 20. Qxd5 Bxe3+ 21. Kh1 {[%csl
Re8]}) 18... Bf7 19. b4 Ba7 20. Nc2 (20. Nce2 O-O $132) 20... Rd8 21. Qf3 O-O (
21... d4 $132) 22. Rad1 (22. Rfd1 {[%cal Ga1c1]}) 22... Ne7 23. Rd3 Rd7 24.
Rfd1 Rfd8 25. R1d2 Kg7 26. g3 Rc8 27. Nd4 $11 Rdc7 28. Nde2 Qb6 29. Bxd5 (29.
Na4 Qf6) (29. Nxd5 Nxd5 30. Bxd5 Bxd5 31. Qxd5 {[%csl Re3] le P supplémentaire
des blancs n'est pas facile а valoriser}) 29... Nxd5 30. Nxd5 Qc6 31. Kg2 Rd7
32. Ndc3 (32. Nec3) 32... Qxf3+ 33. Kxf3 Re7 34. e4 fxe4+ 35. Nxe4 Rce8 36.
N4c3 (36. N2c3 $142) 36... Be6 {BATTAGLINI remporte le tournoi} 1/2-1/2